000 00214nam a2200085Ia 4500
008 170617s9999 xx 000 0 und d
100 _aBeans- H.S
245 0 _aAdvances in Pharmaceutical Science Set 4
260 _bAcadmic Press
260 _c2009
999 _c15389
_d15389